| 000 | 00392nam a2200169 a 4500 | ||
|---|---|---|---|
| 001 | 1768 | ||
| 005 | 20140414131923.0 | ||
| 008 | 010131s19uu xx 00 eng d | ||
| 020 | _a9781869434519 | ||
| 050 |
_aER _bT22 2001 |
||
| 100 | _aBatt, Tanya | ||
| 245 | _aTerrible (The). | ||
| 260 |
_aNew York : _bScholastic, Inc, _c2001. |
||
| 300 | _a32 | ||
| 650 | _afiction | ||
| 999 |
_c111885 _d111885 |
||